000
00338nam a2200157Ia 4500
001
21471
003
IN-NITTTR
005
20251114233244.0
008
251113s9999||||xx |||||||||||||| ||eng||
040
_b
eng
040
_c
IN-NITTTR
041
_a
eng
082
_a
370.25 W893 R
245
0
_a
World of learning 1992 /
942
_2
ddc
_c
BK
999
_c
24101
_d
24101